000 00877nam0a22002771 4500
001 v19\rc\1693296
005 20260407071510.0
035 _a(NLR Aleph) 004796612
090 _a4785193
_c4785193
100 _a20061002d1897 |||y0rusy50 ca
101 0 _arus
102 _aRU
105 _ay z |||a|
200 1 _aСтихотворения. 1888-1897
_fС.Р. Минцлов
210 _aОдесса
_cтип. Ин-та граф. искусств "Порядок"
_d1897
215 _a30 с.
_d17
309 _aБез тит. л.
700 1 _7ca
_8rus
_aМинцлов
_bС. Р.
_f1870-1933
_gСергей Рудольфович
_3RU\NLR\AUTH\770278983
_92650950
801 0 _aRU
_bNLR
_gpsbo
801 0 _aRU
_bRuMoRGB
_2psbo
801 1 _aRU
_bProSoft-M
_2rusmarc
852 _aNLR
_j20.97.5.155
899 _aRuMoRGB
_jW 64/950
899 _aБАН
942 _cBOOK
980 _aNB